Szczegóły MARC21

Spedycja w praktyce : poradnik menedżera /

005 -DATA I CZAS OSTATNIEJ MODYFIKACJI [,]
    • @
    • pole kontrolne
    • 20070315155141.9
020 -Międzynarod. znormalizowany nr książki - ISBN [ , ]
    • a
    • Numer ISBN
    • 8386210923 Find
040 -Instytucja sporządzająca opis [ , ]
    • a
    • Instytucja, która sporządziła opis (NP)
    • SZCZ U
    • c
    • Instytucja, która sporządziła rekord (NP)
    • SZCZ U
041 -Język dokumentu [0, ]
    • a
    • Język tekstu (P)
    • polski
    • h
    • Język tekstu oryginalnego i/lub pośredniego (P)
    • polski
942 -Rodzaj dokumentu [ , ]
    • c
    • Rodzaj dokumentu
    • Książka
100 -Hasło główne - nazwa osobowa [ , ]
    • a
    • Nazwa osobowa (NP)
    • SIKORSKI, PIOTR M.
245 -Strefa tytułu i oznaczenia odpowiedzialności [1, ]
    • a
    • Tytuł
    • Spedycja w praktyce : Find
    • b
    • Ciąg dalszy tytułu (NP)
    • poradnik menedżera / Find
    • c
    • Pozostałe elementy strefy tytułu i oznaczenia odpowiedzialności (NP)
    • Piotr M.Sikorski, Tomasz Zembrzycki.
260 -Strefa adresu wydawniczego [ , ]
    • a
    • Miejsce wydania (P)
    • Warszawa :
    • b
    • Nazwa wydawcy (P)
    • Centrum Inform.Menedżera,
    • c
    • Data wydania (P)
    • 2000.
300 -Strefa opisu fizycznego [ , ]
    • a
    • Określenie formy książki i/lub objętość (NP)
    • 276 s. :
    • b
    • Oznaczenie ilustracji (NP)
    • rys. :
    • c
    • Format (NP)
    • 21 cm.
490 -Strefa serii i książki wielotomowej - forma nie do wyszukiwania [0, ]
    • a
    • Tytuł (P)
    • (Lektury Menedżera) Find
080 -Uniwersalna Klasyfikacja Dziesiętna [ , ]
    • a
    • Symbol klasyfikacji
    • 656.96
    • 9
    • UKD
    • 5579
    • 2
    • Identyfikator wydania tablic
    • UDC-P058
    • b
    • Dopowiedzenie
    • Przedsiębiorstwa wysyłkowe i przewozowe. Przedsiębiorstwa spedycyjne.
980 -Symbol UKD [ , ]
    • a
    • UKD
    • 656.96
700 -Hasło dodatkowe - nazwa osobowa [ , ]
    • a
    • Nazwa osobowa (NP)
    • Zembrzycki Tomasz Find
920 -ISBN [ , ]
    • a
    • ISBN
    • 83-86210-92-3 Find
Sygnatura Numer inwentarzowy Status udost. Data inwentaryzacji Lokalizacja
T.3150T.3150-32000-09-28T
T.3151T.3151-32000-09-28T
T.3257T.3257-32000-10-30T
T.3258T.3258-32000-10-30T
T.3259T.3259-32000-10-30T
T.3260T.3260-62000-10-30T
T.3261T.3261-32000-10-30T
T.4868T.4868-32001-03-20T
T.4869T.4869-32001-03-20T
T.4870T.4870-32001-03-20T
T.4871T.4871-32001-03-20T
T.4872T.4872-32001-03-20T